00504nam a2200157Ia 4500003000900000008004100009040001600050080001600066100001600082245012100098250001200219260003900231300001600270650002500286650003500311IN-BaIIA211028s9999 xx 000 0 eng d cIIA Library a517.95bBAT aBateman, H. 0aPartial differential equations of mathematical physicscH. Bateman  a1st ed. aNew YorkbDover Publicationsc1944 axxii, 522p. aMathematical Physics aPartial Differential Equations